Prefab architecture : (Record no. 384)
[ view plain ]
| 000 -LEADER | |
|---|---|
| fixed length control field | 00665cam a22001934a 4500 |
| 001 - CONTROL NUMBER | |
| control field | 16194068 |
| 005 - DATE AND TIME OF LATEST TRANSACTION | |
| control field | 20241030161210.0 |
| 008 - FIXED-LENGTH DATA ELEMENTS--GENERAL INFORMATION | |
| fixed length control field | 100419s2010 njua b 001 0 eng |
| 020 ## - INTERNATIONAL STANDARD BOOK NUMBER | |
| International Standard Book Number | 9780470275610 (cloth : alk. paper) |
| 050 00 - LIBRARY OF CONGRESS CALL NUMBER | |
| Classification number | NA8480 |
| Item number | .S66 2010 |
| 082 00 - DEWEY DECIMAL CLASSIFICATION NUMBER | |
| Classification number | 721/.04497 |
| Edition information | 22 |
| 100 1# - MAIN ENTRY--PERSONAL NAME | |
| Personal name | Smith, Ryan E. |
| 245 10 - TITLE STATEMENT | |
| Title | Prefab architecture : |
| Remainder of title | a guide to modular design and construction / |
| Statement of responsibility, etc. | Ryan E. Smith ; foreword by James Timberlake. |
| 260 ## - PUBLICATION, DISTRIBUTION, ETC. | |
| Place of publication, distribution, etc. | Hoboken, N.J. : |
| Name of publisher, distributor, etc. | John Wiley & Sons, |
| Date of publication, distribution, etc. | 2010. |
| 300 ## - PHYSICAL DESCRIPTION | |
| Extent | xviii, 366 p. : |
| Other physical details | ill. some color |
| Dimensions | 24 cm. |
| 650 #0 - SUBJECT ADDED ENTRY--TOPICAL TERM | |
| Topical term or geographic name entry element | Buildings, Prefabricated. |
| 700 ## - ADDED ENTRY--PERSONAL NAME | |
| Personal name | Timberlake, James (foreword by) |
| 942 ## - ADDED ENTRY ELEMENTS (KOHA) | |
| Source of classification or shelving scheme | Library of Congress Classification |
| Koha item type | Books |
| Suppress in OPAC | No |
| 999 ## - | |
| -- | 384 |
| -- | 384 |
| Withdrawn status | Lost status | Source of classification or shelving scheme | Damaged status | Not for loan | Collection | Home library | Current library | Shelving location | Date acquired | Total checkouts | Full call number | Barcode | Date last seen | Copy number | Price effective from | Koha item type |
|---|---|---|---|---|---|---|---|---|---|---|---|---|---|---|---|---|
| Library of Congress Classification | Non-fiction | Science Library (Miotso) | Science Library (Miotso) | General stacks | 10/30/2024 | NA8480 .S66 2010 | SLM00000180 | 10/30/2024 | 1 | 10/30/2024 | Books |